000 01037nmm a2200301 a 4500
001 ocm000607648
003 TR-IsHL
005 20201028135255.0
008 131209s2008 tu tur
007 cr cn
020 _a9789944397322
035 _a607648
_b(N$T)
050 0 4 _aDR432
_b.K39 2008
090 0 4 _aDR432
_b.K39 2008
100 1 _aKaya, Yaşar
245 1 0 _aGelenekten modernliğe kalıplaşan yenilik
_h[electronic resource] /
_cYaşar Kaya ; Taner Tatar
260 _aİstanbul :
_bDoğu Kütüphanesi Yayınları,
_c2008
300 _a270 p.
650 4 _aSosyoloji
650 4 _aSociology
650 0 _aTürkiye
_x Sosyal Yaşam ve Gelenekler
_x 20 Yüzyıl
650 0 _aTurkey
_x Social Life and Customs
_x 20th Century
650 0 _aTürkiye
_x Sosyal Koşullar
650 0 _aTurkey
_x Social Conditions
650 7 _aSOCIAL SCIENCE / Customs & Traditions
_2bisacsh
700 1 _aTatar, Taner
856 4 0 _uhttp://search.ebscohost.com/login.aspx?direct=true&scope=site&db=e011xww&AN=607648
999 _c6652
_d6652